| 000 | 00544 a2200181 4500 | ||
|---|---|---|---|
| 999 |
_c3532 _d3532 |
||
| 020 | _a0237500019 (pbk.) : | ||
| 050 | 0 | 0 | _aLB1511 |
| 100 | 1 | _aGrant, Margaret | |
| 245 | 1 | 0 |
_aSchool methods with younger children : _ba handbook for teachers in Africa / _c[by] Margaret Grant. |
| 250 | _a4th ed. | ||
| 264 |
_aLondon: _bEvans Bros, _c1978 |
||
| 300 |
_avi, 250 p. : _bill., forms, plan |
||
| 500 | _aIncludes index. | ||
| 504 | _aBibliography: p. vi. | ||
| 650 | 0 | _aTeaching. | |
| 650 | 0 | _aEducation, Primary. | |
| 942 |
_2lcc _cBK _h1511 _iGRA _kLB |
||